Countries Jean-Claude Van Damme has Visited - Statistics

General Stats
  • This quiz has been taken 18 times
  • The average score is 10 of 12
Answer Stats
Continent Country % Correct
Europe Belgium
100%
Europe France
100%
Europe Germany
100%
North America Mexico
92%
North America United States of America
92%
Oceania Australia
85%
Asia China
85%
Europe Bulgaria
77%
Europe United Kingdom
77%
Europe Ukraine
69%
Asia Thailand
54%
Asia United Arab Emirates
54%
No matching quizzes found
Score Distribution
Percent of People with Each Score
Percentile by Number Answered
Your Score History
You have not taken this quiz